000 00890nam a2200217Ii 4500
003 JO-AjNU
008 230605s9999||||xx |||||||||||||| ||und||
017 _a1992/2943
020 _a977-10-0531-6
040 _aJO-AjNU
_bara
_erda
_cJO-AjNU
041 _aara
050 1 4 _aLB1161.K4212 1992
100 3 _aكياراندا،ميريلا مؤلفة؛عيسى،محمد عبد الحميد مترجم، عبد الفتاح،عبد الفتاح حسن مترجم؛ عبد الفتاح،كاميليا مراجعة,
_eauthor
_945824
245 0 0 _aالتربية الإجتماعية في رياض الأطفال
264 3 1 _aالقاهرة،دار الفكر العربي،1992
300 _a124ص
336 _atext
_btxt
_2rdacontent
337 _aunmediated
_bn
_2rdamedia
338 _avolume
_bnc
_2rdacarrier
650 4 _aرياض الأطفال-تربية الأطفال
_945825
999 _aA19891
_c23459
_d23459